| 000 | 00418 a2200145 4500 | ||
|---|---|---|---|
| 005 | 20250618140454.0 | ||
| 020 | _a978-0-07-353181-6 | ||
| 082 | _a150.72 COZ | ||
| 100 | _aCOZBY, P. C. | ||
| 245 | _aMethods in Behavioral Research. | ||
| 250 | _a9th Ed. | ||
| 260 |
_aNew York, _bMcGraw-Hill Higher Education, _c2006 |
||
| 300 |
_axv, 410p.: ill.; figure, picture. _bGlossary, Index & References. _c23cm |
||
| 942 |
_2ddc _cBKS |
||
| 999 |
_c195 _d195 |
||